000 02362nam a2200361Ia 4500
005 20140903175010.0
008 110809s2011 ag a frn 001 0dspa d
020 _a9789876291675
040 _aCO-BoUCM
_bspa
_cJavier Garzón
_dHenry Ríos
041 0 0 _aspa
090 _aH61.8
_b.B418 2011
100 1 _aBecker, Howard Saul
_d1928-
_932809
240 1 0 _aWriting for social scientists.
_lSpanish
245 1 0 _aManual de escritura para científicos sociales. Cómo empezar y terminar una tesis
_cHoward Saul Becker ; con un capítulo escrito por Pamela Richards ; traducción de Teresa Arijón ; revisión de María Gabriela Ubaldini
260 _aBuenos Aires (Argentina)
_bSiglo Veintiuno Editores
_c2011
300 _a236 páginas
_bilustraciones
490 0 _aSociología y política
504 _aIncluye referencias bibliográficas e índices
520 _a"Muchos fantasmas agobian a quienes deben escribir textos académicos o no académicos: entre los más recurrentes, el ideal de la escritura perfecta o la convicción de que un texto bien concebido se escribe "de un tirón" y es reflejo fiel de la claridad de ideas y del talento natural de su autor. En este Manual de escritura para científicos sociales, Howard Becker, cuyas obras de metodología son un clásico desde hace décadas, apela a su experiencia como sociólogo y como docente en seminarios de escritura a fin de desmontar una a una esas fantasías que no hacen sino entorpecer y dilatar la producción de textos ... Manual y ensayo sociológico a la vez, este libro propone modificar los hábitos de trabajo y empezar a escribir sin preocuparse por el estatus, la aprobación de los pares o la bibliografía ..." --Contratapa.
650 7 _aArte de escribir
_99465
650 7 _aCiencias sociales
_954298
_xArte de escribir
650 7 _aComunicación en ciencias sociales
_911356
650 7 _aElaboración de tesis
_913952
650 7 _aEscritos académicos
_914799
650 7 _aRedacción de escritos técnicos
_923231
690 _942859
_aLiteratura
700 1 _aArijón, Teresa
_954322
700 1 _aRichards, Pamela
_954321
700 1 _aUbaldini, Gabriela
_954323
765 _tWriting for social scientists : how to start and finish your thesis, book, or article
942 _a18
_cLIBRO
_e1
_mB395
_2DEWEY
_h808.066
999 _c183619
_d183619